000 00681nam a2200277 a 4500
003 AR-BaBNM
005 20251128205314.0
008 082120s2002 ||||||||||||||000 | spa||
020 _a950-01-0591-8
040 _cAR-BaBNM
100 1 _aOdriozola, Javier
245 0 0 _aRoad to English
_n3
250 _a1ª ed.
260 _aBuenos Aires
_bEstrada
_c1996
300 _a127 p.
_bil.
650 4 _aENSEÑANZA DE IDIOMAS
650 4 _aINGLES
650 4 _aACTIVIDADES DE APRENDIZAJE
650 4 _aGRAMATICA
650 4 _aVOCABULARIO
650 4 _aLIBROS DE TEXTO
653 _aEDUCACION GENERAL BASICA
700 1 _aPalencia, Ramón
942 _cBK
998 _cmau
999 _c10841
_d10841